LIBRARY & INFORMATION CENTRE, KCAET, TAVANUR

ONLINE PUBLIC ACCESS CATALOGUE (OPAC)

Parappuram / (Record no. 4953)

MARC details
000 -LEADER
fixed length control field 00438cam a2200169ua 4500
041 ## - LANGUAGE CODE
Language code of text/sound track or separate title mal
082 ## - DEWEY DECIMAL CLASSIFICATION NUMBER
Classification number 894.812308
Item number NAR/PA
100 ## - MAIN ENTRY--AUTHOR NAME
Personal name Narayana Kuruakkal, K .
245 ## - TITLE STATEMENT
Title Parappuram /
260 ## - PUBLICATION, DISTRIBUTION, ETC. (IMPRINT)
Place of publication Thiruvananthapuram :
Name of publisher B V Book Depot & Printing Works ,
Year of publication 1956.
300 ## - PHYSICAL DESCRIPTION
Number of Pages 344 ; .
942 ## - ADDED ENTRY ELEMENTS (KOHA)
Koha item type Books
Holdings
Withdrawn status Lost status Damaged status Home library Current library Date acquired Full call number Accession Number Koha item type Public note Cost, normal purchase price
Withdrawn     KAUAET KAUAET 07/04/2012 894.812308 9354 Books Deleted  
Withdrawn     KAUAET Malayalam University 14/11/2023 894.812308 NAR/PA 9353 Books   5.00
free website counter